00900nam a2200193Ia 4500003000900000008004100009040001600050080002800066111007300094245030400167260004700471300001000518490002700528500002600555650004100581700002300622700002300645710003800668IN-BaIIA211028s9999 xx 000 0 eng d cIIA Library a523.945(082.2)bIAU-C36 aInternational Astronomical Union ColloquiumcFranced1976 Sept. 6-10 4aThe energy balance and hydrodynamics of the solar chromosphere and coronabproceedings of the International Astronomical Union Colloquium No.36 held at the Faculte Des Sciences De Nice September 6-10, 1976cedited by R. M. Bonnet and P. H. Delache  aFrancebG De Bussac Clermont-Ferrandc1976 a504p. aIAU Colloquium; no. 36 aDonated by Mrs. Bappu aAstronomy and Astrophysics Thesaurus aBonnet, R. M., ed. aDelache, P. H. ed. aInternational Astronomical Union